00398nam a2200133Ia 4500100001600000942000700016654001300023245003600036260003000072082001400102546001200116999001700128952011900145 aPage/ A.J.  cBK aComputer aRelational Database : Concepts bGalgotiaaNew Delhic1994 a5.74bPAN aENGLISH c22433d22433 001040708CRCaCRCEbCRCEd2023-03-17eglobal booksg75.00l0o5.74 PANp7069r2023-03-17v75.00w0000-00-00yBK